000 00516 a2200157 4500
999 _c8161
_d8161
020 _a9781848133860
050 _aHM 881 GAV 2010
100 _aGaventa, John
_eeditor
245 _aCitizen action and national policy reform :
_bmaking change happen /
_cJohn Gaventa and Rosemary McGee
264 _aLondon :
_bZed Books,
_c2010
300 _a226p.:
500 _aIncludes bibliographical references and index
650 _aCitizenship
_xPhilippine
700 _aMcGee, Rosemary
_eeditor
942 _2lcc
_cBK
_h881
_iGAV
_kHM